| 000 | 00488nam a22001697a 4500 | ||
|---|---|---|---|
| 003 | NUST | ||
| 005 | 20260512133832.0 | ||
| 008 | 260512b ||||| |||| 00| 0 eng d | ||
| 020 | _a 978-0333977019 | ||
| 082 |
_a901 _bCAR |
||
| 100 |
_a E. Carr, R. Evans. _9134419 |
||
| 245 |
_aWhat is History? / _bWith a new introduction by Richard J. Evans / _c E. Carr, R. Evans. |
||
| 260 |
_bPalgrave Macmillan , _c2002. |
||
| 300 |
_a239 p ; _c26.3 cm |
||
| 563 | _aHardcover | ||
| 942 |
_2ddc _cBK |
||
| 999 |
_c617412 _d617412 |
||